Phrasal verbs - International relations - Statistiques

Statistiques générales
  • Ce quiz a été pris 15 fois
  • Le résultat moyen est 6 sur 28
Statistiques - réponses
Français Anglais % Correct
résoudre, comprendre figure out
50%
mettre en place set up
50%
finir par end up
38%
traverser (l'esprit) go through
38%
ne plus avoir de run out of
38%
revenir en arrière turn back
38%
vérifier check out
25%
trouver, imaginer come up with
25%
retourner à get back to
25%
se produire, se passer go on
25%
se retenir hold back
25%
tenir le coup hold up
25%
s'occuper de look after
25%
se pointer show up
25%
couper, arrêter shut down
25%
céder back down
13%
soutenir back up
13%
exiger call for
13%
effectuer, réaliser carry out
13%
distinguer make out
13%
déclencher set off
13%
présenter set out
13%
émettre give out
0%
provoquer, engendrer give rise to
0%
remettre hand over
0%
passer à autre chose move on from
0%
aller à la recontre reach out to
0%
trouver une solution work out
0%
Aucun quiz correspondant
Distribution des résultats
% des personnes avec chaque résultat
Percentile par nombre de réponses
Votre historique - résultats
Vous n’avez pas pris ce quiz